On This Day (February 23rd) Multiple Choice - Statistics

General Stats
  • This quiz has been taken 14 times
    6 since last reset
  • The average score is 5 of 16
Answer Stats
Question Answer % Correct
1886 – Charles Martin Hall produced the first samples of which metal from the electrolysis of it's oxide ? Aluminium
100%
1904 - The United States acquires control of which area for $10 million ? Panama Canal Zone
100%
1836 – Texas Revolution: The Siege of the Alamo (prelude to the Battle of the Alamo) begins in which Texan city ? San Antonio
100%
1934 – Leopold III becomes King of which European nation ? Belgium
50%
2008 – A United States Air Force B-2 Spirit bomber crashes on which island, marking the first operational loss of a B-2 ? Guam
50%
1941 – Which element is first produced and isolated by Dr. Glenn T. Seaborg ? Plutonium
50%
1905 – Chicago attorney Paul Harris and three other businessmen meet for lunch to form which service club ? Rotary Club
50%
1886 - "The Times" of London publishes the world's first what ? Classified ad
0%
2010 – Unknown criminals pour more than 2​1⁄2 million litres of what, into the river Lambro, in northern Italy, creating an environmental disaster ? Diesel Oil
0%
2021 - Four simultaneous prison riots leave 79 dead in which country? Ecuador
0%
1887 – Which European holiday region is hit by a large earthquake, killing around 2,000 ? French Riviera
0%
1923 - Great Britain lowers import duty from 26% to 5% on products from which country ? Germany
0%
1874 - Major Walter Clopton Winfield patents a game called "Sphairistike" , nowadays known as what ? Lawn Tennis
0%
1940 - Which of Walt Disney's animated movies is released on this day ? Pinocchio
0%
1954 – The first mass inoculation of children with the Salk vaccine against which disease begins in Pittsburgh ? Polio
0%
1739 – At York Castle, the outlaw Dick Turpin is identified by his former what ? School Teacher
0%
No matching quizzes found
Score Distribution
Percent of People with Each Score
Percentile by Number Answered
Your Score History
You have not taken this quiz since the last reset